Affinity analysis of a protein-aptamer complex using nonequilibrium capillary electrophoresis of equilibrium mixtures /

Enregistré dans:
Détails bibliographiques
Autres auteurs: Berezovski, Maxim., Krylov, Sergey N., Li, Yingfu., Nutiu, Razvan.
Format: Article
Langue:English
Sujets:
Tags: Ajouter un tag
Pas de tags, Soyez le premier à ajouter un tag!
Thư viện lưu trữ: Thư viện Trường Đại học Đà Lạt
LEADER 00978nam a2200313 4500
001 DLU090096894
005 ##20091201
040 # # |a DLU  |b eng 
041 # # |a eng 
044 # # |a us 
245 # # |a Affinity analysis of a protein-aptamer complex using nonequilibrium capillary electrophoresis of equilibrium mixtures /  |c Maxim Berezovski ... [et al.].  
653 # # |a Analytical chemistry 
653 # # |a Capillary electrophoresis  
653 # # |a Equilibrium mixtures 
653 # # |a Protein 
700 # # |a Berezovski, Maxim.  
700 # # |a Krylov, Sergey N. 
700 # # |a Li, Yingfu. 
700 # # |a Nutiu, Razvan. 
773 # # |t Analytical Chemistry  |g Vol. 75, no. 6 (March 2003), p. 1382-1386 
920 # # |a Phòng Tạp chí -- Trung tâm Thông tin - Thư viện Trường Đại học Đà Lạt 
994 # # |a DLU 
900 # # |a True 
911 # # |a Trương Bảo Trâm Anh 
925 # # |a G 
926 # # |a A 
927 # # |a BB 
980 # # |a Thư viện Trường Đại học Đà Lạt